| 000 | 01184nam a2200337 a 4500 | ||
|---|---|---|---|
| 999 |
_c23290 _d23290 |
||
| 001 | vtls010333798 | ||
| 005 | 20220823091206.0 | ||
| 008 | 120110s2011 xr oca 000 1 cze c | ||
| 020 | _a9788087286111 (brož.) | ||
| 040 |
_aSVKPO _bslo _cSVKPO _eAACR2 |
||
| 041 | 0 | _acze | |
| 044 |
_axr _cCZ |
||
| 072 | 7 |
_a94(437) _xDejiny Česka a Slovenska _2konspekt |
|
| 080 |
_a94-021.143 _22001 |
||
| 080 |
_a32(091) _22001 |
||
| 080 |
_a94(437)"1938" _22001 |
||
| 080 |
_a(0:82-4) _22001 |
||
| 100 | 1 |
_aKvaček, Robert, _d1932- _93267 |
|
| 245 | 1 | 0 |
_aČeskoslovenský rok 1938 _cRobert Kvaček ; [fotografie] Miloš Heyduk |
| 250 | _a2., rozš. a aktualiz. vyd., v nakl. Polart 1. | ||
| 260 |
_aPraha _bPOLART - Jaroslav Polák _c2011 |
||
| 300 |
_a197 s., [28] s. obr. príl. _bfotogr. _c21 cm |
||
| 500 | _aVydané v spolupráci s vydavateľstvom BVD | ||
| 500 | _aV tiráži uvedené miesto vydania Děčín-Staré Město | ||
| 648 | 7 |
_a1938 _2SNKPH _92059 |
|
| 650 | 0 | 7 |
_audalosti _2SNKPH _93268 |
| 650 | 0 | 7 |
_apolitické dejiny _2SNKPH _93269 |
| 651 | 7 |
_aČeskoslovensko _xdejiny _2SNKPH _93270 |
|
| 655 | 7 |
_areportáže _2SNKPH _93271 |
|
| 700 | 1 |
_aHeyduk, Miloš, _d1933- _4pht _93272 |
|